000 00724nam a22002890a 4500
001 PT53200
003 AR-LpoUNG
005 20210131231550.0
008 191001s2014||||ag |||||||||||||||||spa d
020 _a9789870726876
_c$8,76
040 _aAR-LpoUNG
_bspa
_cAR-LpoUNG
_eaacr
041 _aspa
044 _aag
082 0 _aA863 723jug
100 1 _aArlt, Roberto
245 1 3 _aEl juguete rabioso
250 _a1ra. ed.
260 _aBuenos Aires :
_bArte Gráfico,
_c2014.
300 _a142 p. :
_bfot., tbls.
650 4 _aARGENTINA
650 4 _aLITERATURA
650 4 _aNOVELAS
651 4 _aDOCUMENTOS TEORICOS O METODOLOGICOS
653 _aLITERATURA ARGENTINA
905 _a53200
942 _cLIB
999 _c10794
_d10794